000 01157nam a2200313 a 4500
001 ebr10114133
003 CaPaEBR
006 m u
007 cr cn|||||||||
008 040412s2004 njua sb 001 0 eng
010 _z 2004048079
020 _z0471478180
040 _aCaPaEBR
_cCaPaEBR
035 _a(OCoLC)605512099
050 1 4 _aTP994
_b.R67 2004eb
082 0 4 _a668/.1
_222
100 1 _aRosen, Milton J.
245 1 0 _aSurfactants and interfacial phenomena
_h[electronic resource] /
_cMilton J. Rosen.
250 _a3rd ed.
260 _aHoboken, N.J. :
_bWiley-Interscience,
_cc2004.
300 _axiii, 444 p. :
_bill.
504 _aIncludes bibliographical references and index.
533 _aElectronic reproduction.
_bPalo Alto, Calif. :
_cebrary,
_d2013.
_nAvailable via World Wide Web.
_nAccess may be limited to ebrary affiliated libraries.
650 0 _aSurface active agents.
650 0 _aSurface chemistry.
655 7 _aElectronic books.
_2local
710 2 _aebrary, Inc.
856 4 0 _uhttp://site.ebrary.com/lib/rucke/Doc?id=10114133
_zAn electronic book accessible through the World Wide Web; click to view
999 _c105676
_d105676